Kendrick Lamar - Wszystkie albumy - Statystyki

Ogólne statystyki
  • Ten quiz został rozwiązany 45 razy
  • Średni wynik to 8 z 9
Statystyki odpowiedzi
Hint Odpowiedź % Poprawnych
2017 DAMN.
98%
2024 GNX
98%
2012 good kid, m.A.A.d city
98%
2015 To Pimp A Butterfly
98%
2011 Section.80
85%
2022 Mr. Morale & The Big Steppers
83%
2018 Black Panther The Album
73%
2016 untitled unmastered.
68%
2010 Overly Dedicated
56%
Nie znaleziono quizów pasujących do podanych kryteriów
Rozkład punktacji
Procent ludzi z każdym wynikiem
Percentyl według liczby udzielonych odpowiedzi
Twoja historia wyników
Nie rozwiązałeś tego quizu